| 000 | 00613pam a2200205 a 4500 | ||
|---|---|---|---|
| 001 | 2052903 | ||
| 005 | 20250520120804.0 | ||
| 008 | 931103s1994 enk b 001 0 eng | ||
| 020 | _a0415092302 (hbk) | ||
| 020 | _a0415092310 (pbk) | ||
| 050 | 0 | 0 |
_aHD38 _b.W375 1994 |
| 082 | 0 | 0 |
_a658 _220 |
| 100 | 1 | _aWatson, Tony J. | |
| 245 | 1 | 0 |
_aIn search of management : _bculture, chaos and control in managerial work / _cTony J. Watson. |
| 260 |
_aLondon ; _aNew York : _bRoutledge, _c1994. |
||
| 300 |
_avii, 242 p. ; _c25 cm. |
||
| 650 | 0 | _aManagement. | |
| 650 | 0 | _aOrganizational effectiveness. | |
| 942 |
_2lcc _cBK _n0 |
||
| 999 |
_c5855 _d5855 |
||